000 00338nam a2200133Ia 4500
008 240624s9999 xx 000 0 und d
041 _aeng
082 _a823 BAG
100 _aSHELDON SIDNEY
245 _aSIDNEY SHELDON’S AFTER THE DARKNESS
260 _c2010
_aNew Delhi
_bHarperCollins Publishers
300 _a391 : p.
365 _cRS
999 _c17169
_d17169